000 00746nam a2200253Ia 4500
003 OSt
005 20220923224741.0
006 a|||||r|||| 00| 0
007 ta
008 220922b |||||||| |||| 00| 0 hin d
024 _a249,528
037 _cTextual
040 _aARTS
_cARTS
_bhin
041 _2hin
_ahin
082 _aO152,1x, J1
100 _aमीतल, प्रभुदयाल
_9156270
245 0 _aब्रज साहित्य माला
246 _aBraj sāhitya mālā
260 _c1951
300 _a260पृ.
_ccm.
650 _aहिन्दी साहित्य
_9156264
942 _hO152,1x, J1
_cTEXL
_2CC
999 _c373414
_d373414